Projektový management

Salvato in:
Dettagli Bibliografici
Autore principale: Svozilová, Alena
Natura: Libro
Lingua:ceco
Pubblicazione: Praha Grada Publishing 2006
Serie:Expert
Soggetti:
Tags: Aggiungi Tag
Nessun Tag, puoi essere il primo ad aggiungerne!!

MARC

LEADER 00000nam$a2200000$$$4500
001 0045799
005 20240313090317.1
020 |a 80-247-1501-5 
041 0 |a cze 
044 |a CZ 
245 1 0 |a Projektový management  |c Alena Svozilová 
264 1 |a Praha  |b Grada Publishing  |c 2006 
300 |a 353 s. 
490 1 |a Expert 
830 0 |a Expert 
610 2 0 |a riadenie projektové 
610 2 0 |a manažment 
610 2 0 |a plánovanie projektové 
610 2 0 |a projektovanie 
610 2 0 |a príprava projektová 
610 2 0 |a manažéri 
100 1 |a Svozilová, Alena